• 首页
  • 本馆介绍
  • 公告通知
  • 最新文献
  • 馆藏检索
  • 电子资源
  • 读者导购
  • 参考咨询
  • 我的图书馆
  • 登录
  • 详细信息显示
  • 放入我的书架
  • 预约/预借图书
  • 作者相关作品
  • 分类相关作品
  • 丛书相关作品
  • 出版社相关作品

书目信息

  • 表格格式
  • 工作单格式
  • 卡片格式
题名:
宋文选
    
 
作者: ;四川大学中文系古典文学教研室 选注
分册: 上  
出版信息: 北京   人民文学出版社  1980
页数: 282页
开本: 21cm
丛书名:
单 册:
中图分类: I264.4 , I262.265
科图分类:
主题词: 古典散文--中国--两宋时代--选集
电子资源:
ISBN:
000 00728nam0 2200241 450
001 1574430637
005 20150122204055.50
010    @dCNY1.85
091    @a10019.2981
100    @a19950515d1980 em y0chiy0110 ea
101 0  @achi
102    @aCN@b110000
105    @ay z 000cy
200 1  @a宋文选@9song wen xuan@h上@f四川大学中文系古典文学教研室选注
210    @a北京@c人民文学出版社@d1980
215    @a282页@d21cm
300    @a中国古典文学读本丛书
606 0  @a古典散文@y中国@z两宋时代@x选集
690    @aI264.4@v5
690    @aI262.265@v4
711 02 @a四川大学中文系古典文学教研室@9si chuan da xue zhong wen xi gu dian wen xue jiao yan shi@4选注
801  0 @aCN@bTSSF@c20150122
905    @aZUCC@dI262.265@eJY7:1
    
    宋文选.上/四川大学中文系古典文学教研室选注.-北京:人民文学出版社,1980
    282页;21cm
    中国古典文学读本丛书
    
    ISBN :CNY1.85
    
●
相关链接 在E读中查询图书 在五车中查询图书 在当当中查询图书 在豆瓣中查询图书


正题名:宋文选     索取号:I262.265/JY7:1         预约/预借

序号 登录号 条形码 馆藏地/架位号 状态 备注
1 7850546   278505468   学院路分馆/ [索取号:I262.265/JY7:1] 在馆    
2 7850547   278505477   学院路分馆/ [索取号:I262.265/JY7:1] 在馆    
3 7850548   278505486   学院路分馆/ [索取号:I262.265/JY7:1] 在馆    
唐山师范学院图书馆 欢迎您!
大连网信软件有限公司© 版权所有